Memoria Casaplan 2020 - 2021

Uloženo v:
Podrobná bibliografie
Korporativní autor: Casaplan (autor)
Médium: Kniha
Jazyk:angličtina
Vydáno: Valparaíso, Chile: Casaplan, 2021
Témata:
Tagy: Přidat tag
Žádné tagy, Buďte první, kdo vytvoří štítek k tomuto záznamu!

MARC

LEADER 00000nam a22000007a 4500
003 CL-VaPUC
005 20220905084713.0
008 220526b2021 ||||| |||| 00| 0 eng d
999 |c 435733  |d 435731 
040 |c Pontificia Universidad Católica de Valparaíso 
082 0 4 |2 22  |a 769.83 CAS 2021 
110 1 |a Casaplan  |e autor  |9 869875 
245 1 0 |a Memoria Casaplan 2020 - 2021 
260 |a Valparaíso, Chile:  |b Casaplan,  |c 2021 
300 |a 38 páginas; ilustraciones 
500 |a c.1 Donación Profesor Brueno Cuneo L. Memo 04/2022. 19/05/2022 
583 |c 20220526  |k Catalogador Asistente 
650 1 |a Grabados  |x Artes gráficas  |z Chile  |9 875363 
650 1 |a Grabados  |x Arte contemporáneo  |z Chile  |9 875364 
942 |2 ddc  |c BK 
952 |0 0  |1 0  |2 ddc  |4 0  |6 769_830000000000000_CAS_2021  |7 0  |8 R  |9 583290  |a BIBART  |b BIBART  |d 2022-05-26  |e Donación  |i 5651427  |o 769.83 CAS 2021  |p 5651427  |r 2025-03-13  |t 1  |w 2022-05-26  |y BK_R  |k ART